Statistics for Most learned languages on Duolingo

Click here to take the quiz!

General Stats

  • This quiz has been taken 163 times
  • The average score is 16 of 20

Answer Stats

Amount of LearnersLanguage% Correct
16.5MFrench
99%
26.6MSpanish
99%
5.73MItalian
96%
4.98MChinese
95%
10.0MJapanese
94%
2.37MPortuguese
93%
3.99MRussian
93%
8.90MGerman
92%
6.28MKorean
87%
3.08MArabic
84%
1.21MSwedish
83%
941KPolish
80%
4.60MHindi
77%
1.49MDutch
74%
1.04MGreek
67%
927KNorwegian
65%
2.36MTurkish
61%
1.11MIrish
54%
850KHebrew
45%
1.37MLatin
38%

Score Distribution

Percentile by Number Answered

Percent of People with Each Score

Your Score History

You have not taken this quiz